Objective Horticulture (Record no. 170)

MARC details
000 -LEADER
fixed length control field 00375nam a22001577a 4500
020 ## - INTERNATIONAL STANDARD BOOK NUMBER
International Standard Book Number 978-93-84502-46-1
041 ## - LANGUAGE CODE
Language code of text/sound track or separate title ENG
100 ## - MAIN ENTRY--PERSONAL NAME
Personal name Kmar . B
245 ## - TITLE STATEMENT
Title Objective Horticulture
250 ## - EDITION STATEMENT
Edition statement First
260 ## - PUBLICATION, DISTRIBUTION, ETC. (IMPRINT)
Place of publication, distribution, etc New Delhi
Name of publisher, distributor, etc Agre-Blovet press
Date of publication, distribution, etc 2017
300 ## - PHYSICAL DESCRIPTION
Extent 423
650 ## - SUBJECT ADDED ENTRY--TOPICAL TERM
Topical term or geographic name as entry element Competitive Exam
700 ## - ADDED ENTRY--PERSONAL NAME
Personal name Kumar .A.D ,Kumar .V ,
856 ## - ELECTRONIC LOCATION AND ACCESS
Uniform Resource Identifier Competitive Exam
Holdings
Withdrawn status Lost status Source of classification or shelving scheme Damaged status Not for loan Home library Current library Date acquired Cost, normal purchase price Total Checkouts Barcode Date last seen Price effective from Koha item type Date checked out
    Dewey Decimal Classification     College of Agricultural Engineering and Technology, Dapoli , Library College of Agricultural Engineering and Technology, Dapoli , Library 18/01/2021 395.00 3 007752 09/06/2022 18/01/2021 Books 30/05/2022
    Dewey Decimal Classification     College of Agricultural Engineering and Technology, Dapoli , Library Liberty 18/01/2021 395.00   007751 18/01/2021 18/01/2021 Books  

Contact Us: College of Agricultural Engineering and Technology, Dapoli, Dist.- Ratnagiri
Website: https://dbskkv.org Email: caetlibrary2015@gmail.com